LDR 00902naa#a2200169#i#450# 001 RU\\bibl\19485 005 20260516063552.6 100 ## _a20260515b2026####ek#y0rusy0150####ca 102 ## _aRU 200 1# _aСтратегии сохранения боснийской сосны (Pinus heldreichii Christ.) в Боснии и Герцеговине: на месте произрастания и вне его _eСтатья/тезисы конференции 210 1# _aВоронеж _cВоронежский государственный лесотехнический университет имени Г.Ф. Морозова _d2026 215 ## _a7 с. 608 ## _aСтатья/тезисы конференции _2local 675 ## _aУсловия существования растений. 630.181 _z 700 #1 _aРакита _gДжордже 700 #1 _aМАНДИЧ _gБРАНКО 856 4# _abibl.vgltu.ru _u